[Event "Plateau 1"]
[Site "Montreal CAN"]
[Date "2001.06.17"]
[Round "4"]
[White "Hebert, Jean"]
[Black "Linskiy, Oleg"]
[Result "1/2-1/2"]
[WhiteElo "2482"]
[BlackElo "2470"]
[PlyCount "81"]
[GameId "2160767911564465"]
[EventDate "2001.06.16"]
[EventType "swiss"]
[EventRounds "4"]
[EventCountry "CAN"]

1. e4 c5 2. Nf3 Nc6 3. Bb5 d6 4. O-O Bd7 5. c3 Nf6 6. Re1 a6 7. Bf1 e5 8. h3 Be7 9. d4 O-O 10. d5 Nb8 11. c4 Ne8 12. Nc3 g6 13. Bh6 Ng7 14. Rb1 a5 15. Qd2 f5 16. exf5 gxf5 17. Bg5 Kh8 18. Be2 f4 19. Bxe7 Qxe7 20. Ne4 Bf5 21. Bd3 Nd7 22. Rbd1 Bxe4 23. Bxe4 Nf5 24. Qd3 Nh4 25. g3 fxg3 26. fxg3 Nxf3+ 27. Bxf3 Qg5 28. Bg2 Rf7 29. Qe3 Qg7 30. Rf1 Raf8 31. Rxf7 Rxf7 32. Rf1 Rxf1+ 33. Kxf1 Qf7+ 34. Kg1 Nf6 35. g4 Qg6 36. Qb3 Qb1+ 37. Kh2 Qc1 38. Qxb7 Qf4+ 39. Kh1 Qc1+ 40. Kh2 Qf4+ 41. Kh1 1/2-1/2

[Event "Laval XVIII"]
[Site "Laval CAN"]
[Date "2001.04.21"]
[Round "2"]
[White "Bolduc, Steve"]
[Black "Hebert, Jean"]
[Result "0-1"]
[WhiteElo "2197"]
[BlackElo "2472"]
[PlyCount "26"]
[GameId "2160767911564941"]
[EventDate "2001.04.20"]
[EventType "swiss"]
[EventRounds "5"]
[EventCountry "CAN"]
[SourceTitle "hb 2011"]

1. Nf3 Nf6 2. c4 c5 3. d4 e6 4. Nc3 cxd4 5. Nxd4 Bb4 6. Ndb5 a6 7. Nd6+ Ke7 8. Bf4 Qa5 9. a3 Bxc3+ 10. bxc3 Nc6 11. g3 Qxc3+ 12. Bd2 Qd4 13. Bb4 Nxb4 0-1

[Event "Semi-rapide CEM"]
[Site "Montreal CAN"]
[Date "2001.03.24"]
[Round "4"]
[White "Hebert, Jean"]
[Black "Bolduc, Steve"]
[Result "1/2-1/2"]
[WhiteElo "2437"]
[BlackElo "2159"]
[PlyCount "78"]
[GameId "2160767911565116"]
[EventDate "2001.03.24"]
[EventType "swiss (rapid)"]
[EventRounds "5"]
[EventCountry "CAN"]

1. c4 Nf6 2. Nf3 g6 3. Nc3 Bg7 4. e4 d6 5. d4 O-O 6. Be2 e5 7. Be3 exd4 8. Nxd4 Re8 9. f3 c6 10. Qd2 d5 11. exd5 cxd5 12. c5 Na6 13. Bxa6 bxa6 14. O-O a5 15. Rfe1 Ba6 16. Bf2 Qc7 17. Ndb5 Qc6 18. Rxe8+ Nxe8 19. a4 d4 20. Nxd4 Qxc5 21. Ndb5 Qb4 22. Nxa7 Bf6 23. Nc6 Qd6 24. Qxd6 Nxd6 25. Nxa5 Rb8 26. Nd5 Bxb2 27. Rb1 Bd3 28. Rd1 Bc2 29. Rd2 Bxa4 30. Bg3 Bc1 31. Re2 Rb1 32. Re1 Nf5 33. Bf2 Bc2 34. g4 Ne3 35. Ne7+ Kf8 36. Nec6 Bd2 37. Rxb1 Bxb1 38. Nb3 Nc4 39. Ne5 Be3 1/2-1/2

[Event "Mauricie op"]
[Site "Trois-Rivieres CAN"]
[Date "2001.03.16"]
[Round "1"]
[White "Hebert, Jean"]
[Black "Caceres Cortes, Julio"]
[Result "1-0"]
[WhiteElo "2427"]
[BlackElo "2103"]
[PlyCount "45"]
[GameId "2160767911565142"]
[EventDate "2001.03.16"]
[EventType "swiss"]
[EventRounds "5"]
[EventCountry "CAN"]
[SourceTitle "EXT 2003"]
[Source "ChessBase"]
[SourceDate "2002.11.25"]
[SourceVersion "1"]
[SourceVersionDate "2002.11.25"]
[SourceQuality "1"]

1. e4 c5 2. Nf3 d6 3. d4 cxd4 4. Nxd4 Nf6 5. Nc3 g6 6. Be3 Bg7 7. f3 O-O 8. Qd2 Nc6 9. Bc4 Bd7 10. Bb3 Qb8 11. O-O-O Rc8 12. h4 a5 13. a4 Nxd4 14. Bxd4 b5 15. Nd5 Nxd5 16. Bxg7 Kxg7 17. Bxd5 bxa4 18. h5 a3 19. bxa3 Qc7 20. hxg6 hxg6 21. Qh6+ Kf6 22. Qh4+ Kg7 23. Qh7+ 1-0

[Event "Mauricie op"]
[Site "Trois-Rivieres CAN"]
[Date "2001.03.18"]
[Round "5"]
[White "Hebert, Jean"]
[Black "Soudre, Nicolas"]
[Result "1-0"]
[WhiteElo "2467"]
[BlackElo "2165"]
[PlyCount "67"]
[GameId "2160767911565173"]
[EventDate "2001.03.16"]
[EventType "swiss"]
[EventRounds "5"]
[EventCountry "CAN"]

1. Nf3 e6 2. c4 Nf6 3. Nc3 d5 4. d4 Be7 5. Bg5 O-O 6. e3 Nbd7 7. Rc1 c6 8. a3 Ne4 9. Bxe7 Qxe7 10. Qc2 f5 11. Be2 b6 12. O-O Bb7 13. Rfd1 Rac8 14. b4 c5 15. dxc5 dxc4 16. Nxe4 Bxe4 17. Qxc4 bxc5 18. Qb5 Bc6 19. Qa6 Nb8 20. Qa5 cxb4 21. axb4 Bd5 22. Nd4 Rfd8 23. Rxc8 Rxc8 24. Nxf5 Qg5 25. Ng3 Rc2 26. e4 Nc6 27. Qc7 Bb3 28. f4 Qf6 29. Nh5 Qf8 30. Rd7 Ne7 31. Qd6 Rxe2 32. Rd8 Qxd8 33. Qxd8+ Kf7 34. Qd4 1-0

[Event "Carnaval"]
[Site "Quebec CAN"]
[Date "2001.02.09"]
[Round "1"]
[White "Hebert, Jean"]
[Black "Sasseville, Jean"]
[Result "1-0"]
[WhiteElo "2458"]
[BlackElo "2039"]
[PlyCount "61"]
[GameId "2160767911610468"]
[EventDate "2001.02.09"]
[EventType "swiss"]
[EventRounds "5"]
[EventCountry "CAN"]
[SourceTitle "EXT 2005"]
[Source "ChessBase"]
[SourceDate "2004.11.15"]
[SourceVersion "1"]
[SourceVersionDate "2004.11.15"]
[SourceQuality "1"]

1. d4 d5 2. c4 dxc4 3. e3 a6 4. Bxc4 b5 5. Qf3 bxc4 6. Qxa8 Bd7 7. d5 e6 8. Nc3 Nf6 9. Nf3 Bc5 10. Ne5 O-O 11. dxe6 Bxe6 12. Qf3 Qe8 13. h3 h5 14. Qe2 Bxh3 15. gxh3 Qxe5 16. Qxc4 Qf5 17. Qf4 Qxf4 18. exf4 Re8+ 19. Be3 Bxe3 20. fxe3 Rxe3+ 21. Kf2 Re6 22. Rhe1 Rb6 23. Re2 Nbd7 24. Rd1 g6 25. Nd5 Nxd5 26. Rxd5 Nf8 27. f5 Rf6 28. Ree5 Nh7 29. Ke3 Rb6 30. fxg6 fxg6 31. Re7 1-0

[Event "Carnaval"]
[Site "Quebec CAN"]
[Date "2001.02.10"]
[Round "2"]
[White "Fortier, Marc-Andre"]
[Black "Hebert, Jean"]
[Result "0-1"]
[WhiteElo "2129"]
[BlackElo "2458"]
[PlyCount "56"]
[GameId "2160767911610474"]
[EventDate "2001.02.09"]
[EventType "swiss"]
[EventRounds "5"]
[EventCountry "CAN"]
[SourceTitle "EXT 2005"]
[Source "ChessBase"]
[SourceDate "2004.11.15"]
[SourceVersion "1"]
[SourceVersionDate "2004.11.15"]
[SourceQuality "1"]

1. e4 c5 2. Nc3 Nc6 3. g3 g6 4. Bg2 Bg7 5. d3 d6 6. f4 e5 7. Nh3 exf4 8. Bxf4 h6 9. Qd2 Be6 10. O-O Qd7 11. Nf2 Nge7 12. Nd5 g5 13. Be3 Ng6 14. Nd1 Bxd5 15. exd5 Nce5 16. Qe2 O-O 17. d4 cxd4 18. Bxd4 f5 19. Qh5 Rae8 20. Bxe5 Nxe5 21. Ne3 Re7 22. h4 f4 23. hxg5 fxe3 24. Rxf8+ Bxf8 25. Rf1 Rf7 26. gxh6 Rxf1+ 27. Kxf1 Qf7+ 28. Qxf7+ Nxf7 0-1

[Event "Carnaval"]
[Site "Quebec CAN"]
[Date "2001.02.10"]
[Round "3"]
[White "Hebert, Jean"]
[Black "Gaspariants, Vladimir"]
[Result "1-0"]
[WhiteElo "2458"]
[BlackElo "2225"]
[PlyCount "55"]
[GameId "2160767911610477"]
[EventDate "2001.02.09"]
[EventType "swiss"]
[EventRounds "5"]
[EventCountry "CAN"]
[SourceTitle "EXT 2005"]
[Source "ChessBase"]
[SourceDate "2004.11.15"]
[SourceVersion "1"]
[SourceVersionDate "2004.11.15"]
[SourceQuality "1"]

1. Nf3 Nf6 2. c4 g6 3. Nc3 Bg7 4. e4 d6 5. d4 O-O 6. Be2 e5 7. Be3 Nc6 8. d5 Ne7 9. h3 Ne8 10. g4 c5 11. Rg1 a6 12. a4 Kh8 13. Ra3 f5 14. gxf5 gxf5 15. Ng5 h6 16. Nf3 fxe4 17. Nh4 Nf6 18. Qd2 Kh7 19. Rxg7+ Kxg7 20. Bxh6+ Kf7 21. Qg5 Rg8 22. Bh5+ Nxh5 23. Qxh5+ Ng6 24. Nxg6 Qf6 25. Nh4+ Ke7 26. Nxe4 Rg1+ 27. Kd2 Qf7 28. Bg5+ 1-0

[Event "Carnaval"]
[Site "Quebec CAN"]
[Date "2001.02.11"]
[Round "4"]
[White "Hebert, Jean"]
[Black "Schleifer, Michael"]
[Result "1-0"]
[WhiteElo "2458"]
[BlackElo "2402"]
[PlyCount "77"]
[GameId "2160767911610486"]
[EventDate "2001.02.09"]
[EventType "swiss"]
[EventRounds "5"]
[EventCountry "CAN"]
[SourceTitle "EXT 2005"]
[Source "ChessBase"]
[SourceDate "2004.11.15"]
[SourceVersion "1"]
[SourceVersionDate "2004.11.15"]
[SourceQuality "1"]

1. Nf3 c5 2. c4 g6 3. d4 Bg7 4. e4 d6 5. d5 Nf6 6. Nc3 O-O 7. h3 e5 8. g4 b5 9. cxb5 a6 10. a4 h5 11. Bg5 hxg4 12. Nd2 axb5 13. Nxb5 Ra6 14. hxg4 Qa5 15. f3 Bd7 16. Nc3 Nh7 17. Be3 f5 18. gxf5 gxf5 19. Qe2 f4 20. Nc4 Qd8 21. Bf2 Bf6 22. Kd2 Rf7 23. Bh3 Bxh3 24. Rxh3 Rg7 25. Rah1 Raa7 26. Qf1 Qd7 27. b3 Rb7 28. Nb5 Rxb5 29. axb5 Qxb5 30. Kc2 Na6 31. Be1 Nb4+ 32. Bxb4 cxb4 33. Rxh7 Rxh7 34. Rxh7 Kxh7 35. Qh3+ Kg7 36. Qg4+ Kh7 37. Qh5+ Kg7 38. Qf7+ Kxf7 39. Nxd6+ 1-0

[Event "Carnaval"]
[Site "Quebec CAN"]
[Date "2001.02.11"]
[Round "5"]
[White "Roussel-Roozmon, Thomas"]
[Black "Hebert, Jean"]
[Result "1/2-1/2"]
[WhiteElo "2216"]
[BlackElo "2458"]
[PlyCount "23"]
[GameId "2160767911610493"]
[EventDate "2001.02.09"]
[EventType "swiss"]
[EventRounds "5"]
[EventCountry "CAN"]
[SourceTitle "EXT 2005"]
[Source "ChessBase"]
[SourceDate "2004.11.15"]
[SourceVersion "1"]
[SourceVersionDate "2004.11.15"]
[SourceQuality "1"]

1. d4 Nf6 2. c4 c5 3. Nf3 e6 4. g3 d5 5. cxd5 Nxd5 6. Bg2 Nc6 7. O-O cxd4 8. Nxd4 Qb6 9. Nxc6 bxc6 10. e4 Nf6 11. Qc2 Ba6 12. Be3 1/2-1/2

[Event "Pere Noel"]
[Site "Montreal CAN"]
[Date "2000.12.26"]
[Round "1"]
[White "Fillion, Steve"]
[Black "Hebert, Jean"]
[Result "0-1"]
[WhiteElo "2127"]
[BlackElo "2452"]
[PlyCount "70"]
[GameId "2160767911627394"]
[EventDate "2000.12.26"]
[EventType "swiss"]
[EventRounds "5"]
[EventCountry "CAN"]
[SourceTitle "EXT 2003"]
[Source "ChessBase"]
[SourceDate "2002.11.25"]
[SourceVersion "1"]
[SourceVersionDate "2002.11.25"]
[SourceQuality "1"]

1. d4 Nf6 2. Nf3 g6 3. c4 c5 4. e3 Bg7 5. Nc3 O-O 6. Be2 cxd4 7. exd4 d5 8. O-O Nc6 9. h3 dxc4 10. Bxc4 Bf5 11. Re1 Rc8 12. Bf1 Nb4 13. Nh4 Be6 14. Nf3 Qd6 15. Bd2 a6 16. a3 Nc6 17. Be3 Na5 18. Nd2 Nc4 19. Nxc4 Bxc4 20. Bxc4 Rxc4 21. Qb3 Rfc8 22. Rad1 b5 23. Re2 Nd5 24. Nxd5 Qxd5 25. Qd3 e6 26. Red2 h6 27. Qe2 Kh7 28. Qd3 Rd8 29. b3 Rc6 30. Kh1 Rdc8 31. Qb1 a5 32. Rd3 Bf8 33. Bc1 Rc2 34. R3d2 Rxd2 35. Rxd2 Rc3 0-1

[Event "Pere Noel"]
[Site "Montreal CAN"]
[Date "2000.12.27"]
[Round "2"]
[White "Hebert, Jean"]
[Black "Moisan-Plante, Marc-Olivier"]
[Result "1-0"]
[WhiteElo "2452"]
[BlackElo "2208"]
[PlyCount "125"]
[GameId "2160767911627407"]
[EventDate "2000.12.26"]
[EventType "swiss"]
[EventRounds "5"]
[EventCountry "CAN"]
[SourceTitle "EXT 2003"]
[Source "ChessBase"]
[SourceDate "2002.11.25"]
[SourceVersion "1"]
[SourceVersionDate "2002.11.25"]
[SourceQuality "1"]

1. Nf3 c5 2. c4 Nf6 3. Nc3 b6 4. e4 d6 5. d4 cxd4 6. Nxd4 Bb7 7. Bd3 g6 8. b3 Bg7 9. Bb2 Nc6 10. Nxc6 Bxc6 11. Qe2 Rc8 12. O-O O-O 13. Rad1 Qc7 14. f4 Nd7 15. Kh1 Qb7 16. b4 Qb8 17. Rb1 e6 18. Rf3 Rfe8 19. Rh3 Qa8 20. Re1 a6 21. Nd1 Bxb2 22. Qxb2 b5 23. cxb5 Bxb5 24. Bb1 Rc7 25. Nf2 f5 26. Qd2 Nf6 27. Rhe3 fxe4 28. Nxe4 Nxe4 29. Bxe4 Bc6 30. Rc3 d5 31. Bf3 Rcc8 32. f5 Bd7 33. Rxc8 Qxc8 34. fxg6 hxg6 35. Qh6 Qc2 36. Rc1 Qf5 37. h3 Rc8 38. Rxc8+ Bxc8 39. Qc1 Bb7 40. Qc7 Qf7 41. Qe5 Kh7 42. a4 Bc6 43. a5 Qe7 44. Kh2 Bd7 45. Bxd5 Qxb4 46. Be4 Qf8 47. Qh5+ Qh6 48. Bxg6+ Kg7 49. Qxh6+ Kxh6 50. Bd3 Bc8 51. g4 e5 52. Kg3 Bb7 53. h4 Kg7 54. g5 e4 55. Be2 Bc8 56. Kf4 Bb7 57. Bg4 Bc6 58. Bf5 Bb5 59. h5 Bc4 60. Bxe4 Be2 61. h6+ Kf7 62. g6+ Kg8 63. Bd5+ 1-0

[Event "Pere Noel"]
[Site "Montreal CAN"]
[Date "2000.12.28"]
[Round "3"]
[White "Lezaic, Jovan"]
[Black "Hebert, Jean"]
[Result "0-1"]
[WhiteElo "1818"]
[BlackElo "2452"]
[PlyCount "84"]
[GameId "2160767911627415"]
[EventDate "2000.12.26"]
[EventType "swiss"]
[EventRounds "5"]
[EventCountry "CAN"]
[SourceTitle "EXT 2003"]
[Source "ChessBase"]
[SourceDate "2002.11.25"]
[SourceVersion "1"]
[SourceVersionDate "2002.11.25"]
[SourceQuality "1"]

1. d4 Nf6 2. c4 e6 3. Nc3 Bb4 4. Nf3 b6 5. g3 Ba6 6. Qb3 c5 7. Bg2 Nc6 8. dxc5 bxc5 9. Nd2 Na5 10. Qc2 Bb7 11. O-O Bxg2 12. Kxg2 O-O 13. b3 Nc6 14. e3 d5 15. cxd5 exd5 16. Na4 d4 17. exd4 Qd5+ 18. f3 Rfe8 19. Qc4 Nxd4 20. Qxd5 Nxd5 21. Ne4 Nc2 22. Rb1 Nde3+ 23. Bxe3 Nxe3+ 24. Kf2 Nxf1 25. Kxf1 f5 26. Nexc5 Rad8 27. Na6 Bf8 28. Rb2 Re6 29. N6c5 Re3 30. Kf2 Bxc5 31. Nxc5 Rc3 32. b4 Rd4 33. Na4 Ra3 34. Nc5 Kf7 35. h3 Rc3 36. Na4 Rc1 37. Ke3 Rcc4 38. a3 g5 39. g4 f4+ 40. Kf2 Rd3 41. Ra2 Rcd4 42. Ke2 Re3+ 0-1

[Event "Pere Noel"]
[Site "Montreal CAN"]
[Date "2000.12.29"]
[Round "4"]
[White "Hebert, Jean"]
[Black "Mikanovic, Goran"]
[Result "1/2-1/2"]
[WhiteElo "2452"]
[BlackElo "2340"]
[PlyCount "103"]
[GameId "2160767911627424"]
[EventDate "2000.12.26"]
[EventType "swiss"]
[EventRounds "5"]
[EventCountry "CAN"]
[SourceTitle "EXT 2003"]
[Source "ChessBase"]
[SourceDate "2002.11.25"]
[SourceVersion "1"]
[SourceVersionDate "2002.11.25"]
[SourceQuality "1"]

1. Nf3 c5 2. c4 Nf6 3. Nc3 e6 4. g3 b6 5. Bg2 Bb7 6. O-O Be7 7. Re1 d6 8. e4 a6 9. d4 cxd4 10. Nxd4 Qc7 11. b3 b5 12. Bb2 bxc4 13. Rc1 Nbd7 14. Nd5 exd5 15. exd5 Ne5 16. Nf5 O-O 17. Bxe5 dxe5 18. Rxc4 Bc5 19. Qc1 Bxf2+ 20. Kxf2 Qb6+ 21. Qe3 Qxe3+ 22. Rxe3 e4 23. Re2 Rfd8 24. Bxe4 Nxe4+ 25. Rcxe4 Bxd5 26. Rd4 Be6 27. Ne7+ Kf8 28. Nc6 Rxd4 29. Nxd4 Bd5 30. Rc2 Rd8 31. Rc7 g6 32. Ke3 Kg7 33. Nc2 Bg2 34. Nd4 Bd5 35. Ne2 g5 36. Nc3 Bg2 37. Na4 Rd6 38. Nc5 h5 39. Ra7 Bf1 40. a4 Kg6 41. h4 gxh4 42. gxh4 f6 43. a5 Bb5 44. Rb7 Rd5 45. b4 Re5+ 46. Kd4 Re1 47. Rb6 Rd1+ 48. Ke3 Rb1 49. Ne4 Rxb4 50. Rxf6+ Kg7 51. Rb6 Ra4 52. Rb7+ 1/2-1/2

[Event "Pere Noel"]
[Site "Montreal CAN"]
[Date "2000.12.30"]
[Round "5"]
[White "Larochelle, Martial"]
[Black "Hebert, Jean"]
[Result "0-1"]
[WhiteElo "2135"]
[BlackElo "2452"]
[PlyCount "88"]
[GameId "2160767911635625"]
[EventDate "2000.12.26"]
[EventType "swiss"]
[EventRounds "5"]
[EventCountry "CAN"]
[SourceTitle "EXT 2003"]
[Source "ChessBase"]
[SourceDate "2002.11.25"]
[SourceVersion "1"]
[SourceVersionDate "2002.11.25"]
[SourceQuality "1"]

1. c4 Nf6 2. g3 c5 3. Bg2 d5 4. cxd5 Nxd5 5. Nc3 Nc7 6. Nf3 Nc6 7. O-O g6 8. Na4 b6 9. d4 cxd4 10. Bf4 Bg7 11. Nxd4 Nxd4 12. Bxc7 Qxc7 13. Bxa8 Ba6 14. Nc3 O-O 15. Bg2 Rd8 16. Qa4 Bxe2 17. Nxe2 Nxe2+ 18. Kh1 Bxb2 19. Rae1 Rd2 20. Bf3 Qc3 21. Bxe2 Rxe2 22. Rxe2 Qf3+ 23. Kg1 Qxe2 24. Qxa7 Bd4 25. Qa8+ Kg7 26. a4 Qa2 27. Kg2 e5 28. Qc6 Qe2 29. Qf3 Qc2 30. Qd1 Qa2 31. h4 h5 32. g4 hxg4 33. Qxg4 Qxa4 34. h5 Qc6+ 35. Kg1 Qc4 36. Qg5 Qc2 37. h6+ Kh7 38. Qf6 Kxh6 39. Kh2 Qe2 40. Qxf7 Qxf1 41. Qf8+ Kh5 42. Qf3+ Kg5 43. Qg3+ Kf6 44. Qh4+ Kf5 0-1

[Event "Beloeil CC-ch"]
[Site "Beloeil CAN"]
[Date "2000.10.31"]
[Round "6"]
[White "Mikanovic, Goran"]
[Black "Hebert, Jean"]
[Result "0-1"]
[WhiteElo "2367"]
[BlackElo "2443"]
[PlyCount "98"]
[GameId "2160767911644224"]
[EventDate "2000.09.26"]
[EventType "swiss"]
[EventRounds "6"]
[EventCountry "CAN"]
[SourceTitle "EXT 2004"]
[Source "ChessBase"]
[SourceDate "2003.11.25"]
[SourceVersion "1"]
[SourceVersionDate "2003.11.25"]
[SourceQuality "1"]

1. d4 Nf6 2. c4 e6 3. Nc3 Bb4 4. Qc2 c5 5. dxc5 O-O 6. a3 Bxc5 7. Nf3 b6 8. Bg5 Bb7 9. e3 h6 10. Bh4 Be7 11. Be2 d6 12. O-O Nbd7 13. Rfd1 a6 14. b4 Rc8 15. Rac1 Qc7 16. Nd2 Rfe8 17. Bg3 Red8 18. Qb1 Ne5 19. e4 g5 20. a4 Nfd7 21. Nf1 Nf8 22. Ne3 Nfg6 23. f3 Bf6 24. Bf1 h5 25. h3 Qe7 26. Ne2 Qe8 27. Qb3 Ba8 28. Rc2 Be7 29. Nd4 Bf8 30. Bf2 Rb8 31. Ra2 Rdc8 32. Rb1 Qd8 33. Qd1 Qf6 34. a5 g4 35. hxg4 hxg4 36. axb6 gxf3 37. gxf3 Rxb6 38. Ng2 Rbb8 39. Rxa6 Nxc4 40. b5 Bb7 41. Ra4 Nce5 42. Be2 d5 43. exd5 Bxd5 44. Rc1 Bh6 45. Rxc8+ Rxc8 46. Ra1 Nf4 47. Nxf4 Bxf4 48. Qf1 Qh6 49. Qg2+ Kh7 0-1

[Event "Montreal int."]
[Site "Montreal CAN"]
[Date "2000.08.03"]
[Round "1"]
[White "Schleifer, Michael"]
[Black "Hebert, Jean"]
[Result "1/2-1/2"]
[WhiteElo "2364"]
[BlackElo "2428"]
[PlyCount "153"]
[GameId "2160767911652862"]
[EventDate "2000.08.03"]
[EventType "tourn"]
[EventRounds "11"]
[EventCountry "CAN"]
[EventCategory "9"]
[SourceTitle "CBM 079"]
[Source "ChessBase"]
[SourceDate "2000.11.21"]
[SourceVersion "1"]
[SourceVersionDate "2000.11.21"]
[SourceQuality "1"]

1. d4 Nf6 2. Nf3 g6 3. c4 Bg7 4. Nc3 O-O 5. g3 d6 6. Bg2 Nc6 7. O-O Rb8 8. h3 Nd7 9. Bg5 a6 10. Qd2 f6 11. Be3 e5 12. dxe5 Ndxe5 13. b3 Nxf3+ 14. exf3 Be6 15. Nd5 Qd7 16. Kh2 Ne7 17. Nxe7+ Qxe7 18. Rfe1 Qd7 19. f4 Rfe8 20. Rad1 c6 21. Qxd6 Qxd6 22. Rxd6 Bf8 23. Rdd1 Bb4 24. Re2 Kf7 25. Bb6 Bf5 26. Re3 h5 27. Bf3 Be6 28. Kg2 f5 29. h4 Ra8 30. Rd4 a5 31. Rd1 a4 32. Bc7 Bf8 33. Bd6 axb3 34. axb3 Bxd6 35. Rxd6 Ra2 36. Kf1 Rb2 37. Kg2 Re7 38. Rd8 Bd7 39. Rd3 Be8 40. Rb8 Rb1 41. Bd1 Rc1 42. Rd2 Rc3 43. Kf1 Rc1 44. Rbd8 c5 45. Kg2 Bc6+ 46. Bf3 Bxf3+ 47. Kxf3 Rb1 48. R8d3 Re6 49. Kg2 Re7 50. Ra2 b6 51. Ra6 Rb7 52. Ra8 Re1 53. Rh8 Rbe7 54. Rb8 R1e6 55. Rd2 Ra7 56. Rb2 Kg7 57. Kf3 Rd6 58. Re2 Kf7 59. Kg2 Kg7 60. Ree8 Kf7 61. Re5 Kg7 62. Rd5 Rxd5 63. cxd5 Rd7 64. Rxb6 Rxd5 65. Kf1 Rd2 66. Kg2 Rc2 67. Kf3 c4 68. b4 Rc3+ 69. Ke2 Rb3 70. Kd2 Kh7 71. b5 Kg7 72. Rb7+ Kg8 73. b6 Kh8 74. Kc2 Kg8 75. Kd2 Kh8 76. Kc2 Kg8 77. Kd2 1/2-1/2

[Event "Montreal int."]
[Site "Montreal CAN"]
[Date "2000.08.05"]
[Round "3"]
[White "Duong, Thanh Nha"]
[Black "Hebert, Jean"]
[Result "0-1"]
[WhiteElo "2380"]
[BlackElo "2428"]
[PlyCount "56"]
[GameId "2160767911652870"]
[EventDate "2000.08.03"]
[EventType "tourn"]
[EventRounds "11"]
[EventCountry "CAN"]
[EventCategory "9"]
[SourceTitle "CBM 079"]
[Source "ChessBase"]
[SourceDate "2000.11.21"]
[SourceVersion "1"]
[SourceVersionDate "2000.11.21"]
[SourceQuality "1"]

1. d4 Nf6 2. c4 e6 3. Nf3 Bb4+ 4. Nc3 b6 5. Bg5 Bb7 6. Nd2 h6 7. Bh4 c5 8. Bxf6 Qxf6 9. Nb5 O-O 10. Nc7 Qxd4 11. a3 Bxd2+ 12. Qxd2 Qxc4 13. e3 Qh4 14. Nxa8 Bxa8 15. Qd6 Qf6 16. Bd3 Rc8 17. O-O Qxb2 18. a4 Nc6 19. Bb5 Rd8 20. Rfd1 Qf6 21. Ra3 Ne5 22. Bf1 Nf3+ 23. Kh1 Qb2 24. Qe7 Rf8 25. Bd3 Qxa3 26. Bh7+ Kxh7 27. Qxf8 Qxa4 28. Rf1 Qb5 0-1

[Event "Montreal int."]
[Site "Montreal CAN"]
[Date "2000.08.06"]
[Round "4"]
[White "Hebert, Jean"]
[Black "Kogan, Artur"]
[Result "0-1"]
[WhiteElo "2428"]
[BlackElo "2504"]
[PlyCount "173"]
[GameId "2160767911652876"]
[EventDate "2000.08.03"]
[EventType "tourn"]
[EventRounds "11"]
[EventCountry "CAN"]
[EventCategory "9"]
[SourceTitle "CBM 079"]
[Source "ChessBase"]
[SourceDate "2000.11.21"]
[SourceVersion "1"]
[SourceVersionDate "2000.11.21"]
[SourceQuality "1"]

1. Nf3 d5 2. b3 Bg4 3. Bb2 Nd7 4. e3 c6 5. h3 Bxf3 6. Qxf3 e5 7. g3 Bd6 8. Bg2 Ne7 9. Qe2 a5 10. a3 O-O 11. d3 f5 12. Nd2 b5 13. O-O Qb6 14. Kh2 Rae8 15. e4 Bc5 16. exd5 cxd5 17. Rad1 f4 18. g4 Qd6 19. d4 f3 20. dxc5 fxe2 21. cxd6 Ng6 22. Bxd5+ Kh8 23. Bc6 Rxf2+ 24. Kg1 Ref8 25. Bxd7 Rxf1+ 26. Rxf1 Rxf1+ 27. Nxf1 e1=Q 28. Bxb5 Nf4 29. d7 Ne6 30. a4 h5 31. Bc4 Nd8 32. gxh5 Kh7 33. Kg2 Qe4+ 34. Kg3 Qf4+ 35. Kg2 e4 36. Bd4 Qd6 37. Be3 Qxd7 38. Ng3 Qc6 39. Kf2 Nb7 40. Nxe4 Nd6 41. Nxd6 Qxd6 42. Bd3+ Kg8 43. Bg6 Kf8 44. Kf3 Ke7 45. Bg5+ Ke6 46. h4 Qh2 47. Bd3 Kd5 48. Bg6 Kd4 49. Bd3 Qh3+ 50. Kf2 Kc3 51. Bg6 Qg4 52. Kf1 Qf3+ 53. Ke1 Qg2 54. Bd3 Qg1+ 55. Ke2 Qg4+ 56. Kf2 Qxh5 57. Kg3 Kd4 58. Bf4 Qd1 59. Bg5 Qg1+ 60. Kf3 Qd1+ 61. Kf4 Qh5 62. Kg3 Qf7 63. Bf4 Qe6 64. Bg5 Qe1+ 65. Kg4 Qf2 66. Kh5 Qf7+ 67. Kg4 Ke5 68. Kg3 Qf8 69. Kg2 Qc5 70. Kf3 Qd4 71. Kg3 Qg1+ 72. Kf3 Qh2 73. Ke3 Qg3+ 74. Kd2 Qg1 75. Kc3 Qa1+ 76. Kd2 Kd5 77. Ke2 Qg1 78. Kf3 Kd4 79. Bf4 Qd1+ 80. Kg3 Qe1+ 81. Kg4 Qg1+ 82. Kf3 Kd5 83. Bg5 Qh2 84. Kg4 Ke5 85. Kh5 Qf2 86. Kg6 Qf8 87. Kh5 0-1

[Event "Montreal int."]
[Site "Montreal CAN"]
[Date "2000.08.07"]
[Round "5"]
[White "Smagin, Sergey"]
[Black "Hebert, Jean"]
[Result "1-0"]
[WhiteElo "2605"]
[BlackElo "2428"]
[PlyCount "77"]
[GameId "2160767911652886"]
[EventDate "2000.08.03"]
[EventType "tourn"]
[EventRounds "11"]
[EventCountry "CAN"]
[EventCategory "9"]
[SourceTitle "CBM 079"]
[Source "ChessBase"]
[SourceDate "2000.11.21"]
[SourceVersion "1"]
[SourceVersionDate "2000.11.21"]
[SourceQuality "1"]

1. e4 d6 2. d4 Nf6 3. Nc3 g6 4. Be3 c6 5. h3 Qa5 6. Bd3 Nbd7 7. Nf3 e5 8. O-O Bg7 9. Qd2 O-O 10. a4 Re8 11. Rfb1 Qc7 12. a5 d5 13. Re1 dxe4 14. Nxe4 Nxe4 15. Bxe4 Nf6 16. Bh6 Bxh6 17. Qxh6 exd4 18. Bd3 Rxe1+ 19. Rxe1 Qxa5 20. Bc4 Be6 21. Bxe6 fxe6 22. Rxe6 Rf8 23. Ng5 Qf5 24. Nxh7 Qxe6 25. Qxg6+ Kh8 26. Nxf8 Qe7 27. Qh6+ Kg8 28. Ng6 Qe1+ 29. Kh2 Qxf2 30. Nf4 Nd5 31. Qg6+ Kh8 32. Qh5+ Kg7 33. Qg5+ Kf8 34. Qf5+ Ke8 35. Qc8+ Kf7 36. Qe6+ Kg7 37. Qe5+ Kh7 38. Qf5+ Kg8 39. Nxd5 1-0

[Event "Montreal int."]
[Site "Montreal CAN"]
[Date "2000.08.09"]
[Round "6"]
[White "Hebert, Jean"]
[Black "Rozentalis, Eduardas"]
[Result "1/2-1/2"]
[WhiteElo "2428"]
[BlackElo "2570"]
[PlyCount "144"]
[GameId "2160767911652888"]
[EventDate "2000.08.03"]
[EventType "tourn"]
[EventRounds "11"]
[EventCountry "CAN"]
[EventCategory "9"]
[SourceTitle "CBM 079"]
[Source "ChessBase"]
[SourceDate "2000.11.21"]
[SourceVersion "1"]
[SourceVersionDate "2000.11.21"]
[SourceQuality "1"]

1. d4 Nf6 2. c4 e6 3. Nc3 Bb4 4. Bg5 c5 5. d5 Bxc3+ 6. bxc3 d6 7. e3 h6 8. Bh4 e5 9. f3 Qe7 10. e4 Nbd7 11. Bd3 Nf8 12. Bf2 g5 13. Ne2 Ng6 14. g3 g4 15. Ng1 h5 16. h3 Rg8 17. fxg4 hxg4 18. h4 Nh5 19. Qd2 f6 20. Ne2 Qh7 21. Be3 Ne7 22. O-O Kd8 23. Rf2 Bd7 24. a4 Kc7 25. Bc2 a5 26. Raf1 b6 27. Qc1 Rh8 28. Qb1 Raf8 29. Rh2 Rf7 30. Qb3 Nc8 31. Rhf2 Rhf8 32. Qb1 Ng7 33. Kg2 Ne7 34. Nd4 cxd4 35. cxd4 Nc8 36. dxe5 dxe5 37. c5 f5 38. Qb2 Re8 39. c6 Bxc6 40. dxc6 f4 41. Rb1 Nh5 42. Bxb6+ Kd6 43. Bxa5 Ke6 44. Bc3 f3+ 45. Kh2 Kf6 46. Qc1 Rg7 47. Rb7 Nxg3 48. Qg5+ Rxg5 49. Rxh7 Rh5 50. Kxg3 Rxh7 51. Kxg4 Rc7 52. Rxf3+ Kg7 53. Bb3 Rxc6 54. Bd2 Nd6 55. Bd5 Rc2 56. Bg5 Rg2+ 57. Rg3 Rxg3+ 58. Kxg3 Rc8 59. a5 Rc3+ 60. Kg4 Rc7 61. Bd8 Rc1 62. Be7 Rg1+ 63. Kf3 Nc8 64. Bc5 Ra1 65. Bb4 Ra4 66. Bd2 Nd6 67. h5 Nc4 68. Bg5 Nd6 69. Bd8 Nc4 70. Bc7 Kh6 71. Bxc4 Rxc4 72. Bxe5 Kxh5 1/2-1/2